[Event "19th World Junior Girls Championships"]
[Site "Goa IND"]
[Date "2002.12.11"]
[EventDate "2002.12.09"]
[Round "4"]
[Result "0-1"]
[White "Tian Tian"]
[Black "Koneru Humpy"]
[WhiteElo "2311"]
[BlackElo "2484"]
[PlyCount "118"]

1. e4 e5 2. Nf3 Nf6 3. Nxe5 d6 4. Nf3 Nxe4 5. Nc3 Nf6 6. d4
Be7 7. Bb5+ c6 8. Be2 O-O 9. a4 d5 10. O-O a5 11. Ne5 Na6
12. Bf3 Re8 13. Bf4 Qb6 14. Qd2 Bf5 15. g4 Be6 16. Nd1 Ne4
17. Bxe4 dxe4 18. Ne3 Nb4 19. N5c4 Qd8 20. c3 Nd5 21. Nxd5
cxd5 22. Ne3 h5 23. f3 exf3 24. gxh5 Bg5 25. Rxf3 Bxf4
26. Rxf4 Qg5+ 27. Ng2 Bh3 28. Rf2 Qxh5 29. Kh1 Bf5 30. Qf4 Be4
31. Raf1 f5 32. Kg1 Ra6 33. Qh4 Qf7 34. Nf4 Rh6 35. Qg5 Ree6
36. Qd8+ Kh7 37. Nxe6 Qxe6 38. Rd1 Rg6+ 39. Kf1 Qa6+ 40. Re2
Bf3 41. Rdd2 Rg4 42. Qe8 Bxe2+ 43. Rxe2 Qh6 44. Qe3 Qh4
45. Rf2 Re4 46. Qd3 Kg8 47. b3 Qg5 48. Qd2 Qg4 49. Qd3 f4
50. Qf3 Qe6 51. Re2 Qf5 52. h3 Kf7 53. c4 Rxd4 54. Rf2 g5
55. cxd5 Qxd5 56. Qh5+ Kg7 57. Re2 Qh1+ 58. Kf2 Qh2+ 59. Kf1
Rd1+ 0-1

[Event "FIDE Women's World Championship"]
[Site "Elista RUS"]
[Date "2004.05.25"]
[EventDate "2004.05.22"]
[Round "2.2"]
[Result "1/2-1/2"]
[White "Zhaoqin Peng"]
[Black "Koneru Humpy"]
[WhiteElo "2396"]
[BlackElo "2513"]
[PlyCount "98"]

1. d4 d5 2. c4 e6 3. Nc3 Nf6 4. Nf3 Be7 5. Bg5 O-O 6. e3 h6
7. Bh4 b6 8. Bxf6 Bxf6 9. cxd5 exd5 10. Be2 Bb7 11. b4 c6
12. O-O a5 13. b5 c5 14. Rc1 Nd7 15. dxc5 Nxc5 16. Nd4 Qd6
17. Qd2 Be5 18. Nf3 Ne4 19. Nxe4 dxe4 20. Qxd6 Bxd6 21. Nd4
Rac8 22. Nc6 Rc7 23. Bc4 Bxc6 24. bxc6 Ba3 25. Rc2 Rd8 26. g3
Rd6 27. Bb5 f5 28. Rb1 Kf8 29. Kg2 Ke7 30. h3 Kd8 31. Kf1 Bc5
32. Ke2 Re7 33. Rd2 Ree6 34. Rbd1 Rxd2+ 35. Rxd2+ Rd6
36. Rxd6+ Bxd6 37. Bc4 Ke7 38. Bg8 b5 39. Bh7 Kf6 40. h4 g6
41. Bg8 g5 42. h5 Ke5 43. Kd2 Bb4+ 44. Kd1 Kd6 45. Bh7 Kxc6
46. Bxf5 Kd5 47. Bd7 Kc5 48. Bc8 Kc6 49. Ke2 Bd6 1/2-1/2

[Event "First Saturday May"]
[Site "Budapest HUN"]
[Date "2005.05.08"]
[EventDate "2005.05.07"]
[Round "2"]
[Result "1-0"]
[White "Koneru Humpy"]
[Black "Walter Wittmann"]
[WhiteElo "2508"]
[BlackElo "2386"]
[PlyCount "57"]

1. d4 Nf6 2. c4 g6 3. Nc3 Bg7 4. e4 d6 5. f3 O-O 6. Be3 a6
7. Qd2 b6 8. Rd1 Bd7 9. e5 Ne8 10. f4 c6 11. Nf3 Nc7 12. d5 c5
13. Be2 b5 14. b3 b4 15. Ne4 a5 16. O-O Bf5 17. Ng3 Bc8 18. f5
dxe5 19. Bxc5 Nd7 20. Be3 Na6 21. h4 Ndc5 22. fxg6 hxg6
23. Bh6 Qd6 24. Bxg7 Kxg7 25. Qe3 f6 26. h5 Rh8 27. Nh4 Bd7
28. Nxg6 Rh6 29. Nh4 1-0

[Event "First Saturday May"]
[Site "Budapest HUN"]
[Date "2005.05.10"]
[EventDate "2005.05.07"]
[Round "4"]
[Result "1-0"]
[White "Hoang Thanh Trang"]
[Black "Koneru Humpy"]
[WhiteElo "2470"]
[BlackElo "2508"]
[PlyCount "151"]

1. d4 c5 2. d5 e6 3. e4 d6 4. Nc3 a6 5. a4 Nf6 6. Nf3 e5
7. Be2 Be7 8. O-O O-O 9. Nd2 Nbd7 10. Nc4 Nb6 11. Ne3 Bd7
12. Bd2 Nc8 13. Qe1 Ne8 14. Nc4 Nc7 15. a5 f5 16. f4 exf4
17. Bxf4 fxe4 18. Nxe4 Nxd5 19. Bg3 Bf5 20. Rxf5 Rxf5 21. Bg4
Qf8 22. Nxc5 Nc7 23. Ne6 Nxe6 24. Qxe6+ Rf7 25. Qd5 Kh8
26. Be6 Rf6 27. Qxb7 d5 28. Nd2 Bc5+ 29. Kh1 Ne7 30. Bh3 Nc6
31. Nf3 Nb4 32. Qc7 Rf7 33. Qe5 Nxc2 34. Rc1 Ne3 35. Qh5 Bd4
36. Bd6 g6 37. Qh4 Bf6 38. Qg3 Qd8 39. Ne5 Rb7 40. Be6 Nf5
41. Bxf5 gxf5 42. b4 Rc8 43. Bc5 Rg7 44. Qe1 Qg8 45. Rc2 f4
46. Nf3 Re8 47. Qd1 Qe6 48. Rd2 Qg4 49. Qf1 Qe6 50. Qd1 Rd7
51. h3 Kg8 52. Kh2 Qe4 53. Qa4 Rg7 54. Qc6 Qe6 55. Qa4 Bc3
56. Rxd5 Qe2 57. Rg5 Kh8 58. Qb3 Bf6 59. Rxg7 Kxg7 60. Qd5 Qe6
61. Qb7+ Kh8 62. b5 axb5 63. a6 Rg8 64. a7 Qa2 65. Nd2 Be5
66. Qe4 Qb2 67. a8=Q f3+ 68. Kh1 fxg2+ 69. Qxg2 Rxa8 70. Qxa8+
Kg7 71. Qf8+ Kg6 72. Qg8+ Bg7 73. Qe8+ Kf6 74. Ne4+ Kf5
75. Ng3+ Kg5 76. Be3+ 1-0

[Event "First Saturday May"]
[Site "Budapest HUN"]
[Date "2005.05.12"]
[EventDate "2005.05.07"]
[Round "6"]
[Result "0-1"]
[White "Bill Paschall"]
[Black "Koneru Humpy"]
[WhiteElo "2400"]
[BlackElo "2508"]
[PlyCount "116"]

1. d4 Nf6 2. c4 e6 3. Nc3 Bb4 4. Qc2 d5 5. cxd5 exd5 6. Bg5
O-O 7. e3 Re8 8. Bd3 h6 9. Bh4 c5 10. Nge2 c4 11. Bh7+ Kh8
12. Bf5 Bxf5 13. Qxf5 Qd7 14. Qxd7 Nbxd7 15. Bxf6 Nxf6 16. O-O
a6 17. a4 b6 18. Rfb1 Rac8 19. b3 cxb3 20. Rxb3 Ba5 21. Nd1
Rc2 22. Nf4 g5 23. Nd3 Ne4 24. Nb4 Re2 25. Kf1 Rxf2+ 26. Nxf2
Nd2+ 27. Ke2 Nxb3 28. Rb1 Nxd4+ 29. Kd3 Bxb4 30. exd4 Ba5
31. Ng4 Rc8 32. Nxh6 Rc3+ 33. Ke2 f6 34. Rf1 Rc2+ 35. Kf3 Kg7
36. Nf5+ Kf7 37. h3 Ke6 38. Ng7+ Ke7 39. g3 Rc4 40. Rd1 Kd7
41. Nf5 Bc3 42. Rc1 b5 43. axb5 axb5 44. Ke2 b4 45. Kd3 Rc8
46. Ne3 Ke6 47. Nd1 Rh8 48. Nxc3 bxc3 49. Rh1 Kf5 50. Rf1+ Kg6
51. Rh1 Rc8 52. Rc1 g4 53. h4 f5 54. Rc2 Rc4 55. Ke3 Kh5
56. Kd3 f4 57. gxf4 Kxh4 58. Ke3 Kh5 0-1

[Event "First Saturday May"]
[Site "Budapest HUN"]
[Date "2005.05.13"]
[EventDate "2005.05.07"]
[Round "7"]
[Result "1-0"]
[White "Koneru Humpy"]
[Black "Ruediger Seger"]
[WhiteElo "2508"]
[BlackElo "2416"]
[PlyCount "51"]

1. d4 Nf6 2. c4 g6 3. Nf3 Bg7 4. Qc2 d5 5. cxd5 Nxd5 6. e4 Nb6
7. Be3 O-O 8. Nc3 c6 9. Be2 Bg4 10. Rd1 N8d7 11. O-O Qc7
12. h3 Bxf3 13. Bxf3 e5 14. d5 cxd5 15. exd5 Rac8 16. d6 Qb8
17. Qe4 Rc6 18. Qd3 Rcc8 19. Qb5 Rfd8 20. Nd5 Nxd5 21. Bxd5 b6
22. f4 e4 23. f5 Nf6 24. fxg6 hxg6 25. Bxf7+ Kxf7 26. Qb3+ 1-0

[Event "30th Elekes Memorial"]
[Site "Budapest HUN"]
[Date "2005.05.21"]
[EventDate "2005.05.21"]
[Round "1"]
[Result "1/2-1/2"]
[White "Koneru Humpy"]
[Black "Miklos Galyas"]
[WhiteElo "2508"]
[BlackElo "2444"]
[PlyCount "94"]

1. d4 Nf6 2. c4 e6 3. Nf3 d5 4. Nc3 dxc4 5. e4 Bb4 6. Bg5 c5
7. e5 cxd4 8. Qa4+ Nc6 9. O-O-O Bd7 10. Ne4 Be7 11. exf6 gxf6
12. Bh4 Rc8 13. Kb1 Na5 14. Qc2 e5 15. Nxd4 exd4 16. Rxd4 Qb6
17. Rd6 Rc6 18. Rxc6 Qxc6 19. Be2 f5 20. Bxe7 Qxe4 21. Bf6 Rg8
22. Re1 Qxc2+ 23. Kxc2 Be6 24. Rd1 Nc6 25. Bf3 Bd7 26. Kc3 Rg6
27. Rd6 a6 28. h4 Na7 29. h5 Rh6 30. a4 Nc8 31. Rxd7 Kxd7
32. Bg7 Re6 33. Bxb7 Nd6 34. Bf3 Ne4+ 35. Kd4 Ke7 36. a5 f6
37. Bh6 Re5 38. Kxc4 Rxa5 39. Be3 Rb5 40. b4 Rb8 41. Be2 Ke6
42. Kb3 Ra8 43. Bc4+ Kd7 44. Ka4 Nd6 45. Bd3 Kc6 46. Bd4 Ne4
47. Be3 Kb7 1/2-1/2

[Event "30th Elekes Memorial"]
[Site "Budapest HUN"]
[Date "2005.05.24"]
[EventDate "2005.05.21"]
[Round "4"]
[Result "1-0"]
[White "Koneru Humpy"]
[Black "Zoltan Nemeth"]
[WhiteElo "2508"]
[BlackElo "2370"]
[PlyCount "69"]

1. d4 d5 2. c4 dxc4 3. e3 Nf6 4. Bxc4 e6 5. Nf3 a6 6. O-O c5
7. Bd3 Nc6 8. Nc3 Bd7 9. a3 Rc8 10. Qe2 Qc7 11. h3 Bd6
12. dxc5 Bxc5 13. b4 Bd6 14. Bb2 Ne5 15. Nxe5 Bxe5 16. Rac1
Qb8 17. f4 Bd6 18. Ne4 Nxe4 19. Rxc8+ Bxc8 20. Bxe4 O-O
21. Bxh7+ Kxh7 22. Qh5+ Kg8 23. Bxg7 Kxg7 24. Qg5+ Kh7 25. Rf3
Rg8 26. Qh4+ Kg6 27. Rg3+ Kf5 28. Qh7+ Kf6 29. Rxg8 Qa7
30. Qh4+ Kf5 31. Qg4+ Ke4 32. Qf3+ Kd3 33. Qd1+ Kxe3 34. Qxd6
Bd7 35. Qxd7 1-0

[Event "30th Elekes Memorial"]
[Site "Budapest HUN"]
[Date "2005.05.27"]
[EventDate "2005.05.21"]
[Round "7"]
[Result "1/2-1/2"]
[White "Georg Danner"]
[Black "Koneru Humpy"]
[WhiteElo "2435"]
[BlackElo "2508"]
[PlyCount "127"]

1. d4 Nf6 2. Nf3 c5 3. d5 b5 4. c4 e6 5. dxe6 fxe6 6. cxb5 d5
7. g3 Bd6 8. Bg2 O-O 9. O-O Nbd7 10. Nc3 Rb8 11. Qc2 Bb7
12. Ng5 Re8 13. Rd1 h6 14. Nh3 Qe7 15. Nf4 d4 16. Ne4 Nxe4
17. Bxe4 Bxf4 18. Bxf4 e5 19. Bd2 Bxe4 20. Qxe4 Nf6 21. Qc2 e4
22. b4 Kh8 23. bxc5 Rxb5 24. Qa4 Qxc5 25. Rab1 a6 26. Rxb5
axb5 27. Qb4 Qc4 28. Rc1 Qxe2 29. Qxd4 Ng4 30. Re1 Qf3 31. Bc3
Qf7 32. Re2 Re7 33. Qd8+ Kh7 34. Qd6 Rd7 35. Qf4 Qxf4 36. gxf4
Rd3 37. Be5 e3 38. fxe3 Rxe3 39. Rxe3 Nxe3 40. Kf2 Ng4+
41. Kf3 Nxh2+ 42. Ke4 Ng4 43. Kd5 h5 44. Bd6 h4 45. f5 Ne3+
46. Ke6 Ng4 47. Kd5 h3 48. Kc5 Ne3 49. f6 gxf6 50. Kxb5 f5
51. a4 Nd5 52. Bh2 f4 53. Kc4 Kg6 54. a5 Kf5 55. a6 Ke4 56. a7
Nb6+ 57. Kc3 Na8 58. Kd2 Kf3 59. Ke1 Ke3 60. Bg1+ Kf3 61. Bh2
Nc7 62. Kf1 Na8 63. Ke1 Ke3 64. Bg1+ 1/2-1/2

[Event "30th Elekes Memorial"]
[Site "Budapest HUN"]
[Date "2005.05.28"]
[EventDate "2005.05.21"]
[Round "8"]
[Result "0-1"]
[White "Koneru Humpy"]
[Black "Zoltan Medvegy"]
[WhiteElo "2508"]
[BlackElo "2474"]
[PlyCount "114"]

1. d4 e6 2. c4 c5 3. d5 exd5 4. cxd5 d6 5. Nc3 a6 6. a4 g6
7. Nf3 Bg7 8. e4 Bg4 9. Be2 Bxf3 10. Bxf3 Nd7 11. O-O Ne7
12. Bf4 Ne5 13. Be2 O-O 14. Be3 f5 15. f4 Nf7 16. e5 dxe5
17. Bxc5 Rc8 18. Ba3 Nd6 19. Qb3 Rc7 20. a5 exf4 21. Qb4 Be5
22. Rad1 Nec8 23. Na4 Re8 24. Nc5 Rxc5 25. Qxc5 Ne4 26. Qc4
Ncd6 27. Bxd6 Qxd6 28. Bf3 Nf6 29. b4 g5 30. Qc5 g4 31. Be2
Ne4 32. Qxd6 Bxd6 33. Bd3 Kg7 34. Rc1 Kf6 35. Rc4 Nd2
36. Rcxf4 Bxf4 37. Rxf4 Ne4 38. Rf1 Nd6 39. Rc1 Re5 40. Rc5
Re3 41. Bc2 Re2 42. Kf1 Rd2 43. Rc7 h5 44. Bb3 Rd3 45. Ba2 Rd2
46. Bb3 Rd3 47. Ba2 Rd4 48. Rd7 Ke5 49. Re7+ Kf4 50. Ke2 h4
51. Re3 Ne4 52. Rd3 Rxb4 53. Bb3 Nc5 54. g3+ hxg3 55. hxg3+
Kg5 56. Rc3 Nxb3 57. d6 Kf6 0-1

[Event "30th Elekes Memorial"]
[Site "Budapest HUN"]
[Date "2005.05.30"]
[EventDate "2005.05.21"]
[Round "10"]
[Result "1/2-1/2"]
[White "Koneru Humpy"]
[Black "Denes Boros"]
[WhiteElo "2508"]
[BlackElo "2402"]
[PlyCount "162"]

1. d4 Nf6 2. c4 g6 3. Nc3 d5 4. Nf3 Bg7 5. Qa4+ Bd7 6. Qb3
dxc4 7. Qxc4 O-O 8. Bf4 Bc6 9. Ne5 Nfd7 10. e4 Nxe5 11. Bxe5
Bxe5 12. dxe5 e6 13. f4 Qe7 14. Be2 Nd7 15. b4 Nb6 16. Qb3 a6
17. O-O Rad8 18. Rad1 Rxd1 19. Bxd1 Qd7 20. Kh1 Qd4 21. Bc2
Bb5 22. Nxb5 axb5 23. Rd1 Qf2 24. Qd3 Nc4 25. Rf1 Qd2 26. Qxd2
Nxd2 27. Rd1 Nc4 28. Bb3 Rc8 29. Kg1 Kf8 30. Kf2 Ke7 31. Ke2
Nb6 32. Ke3 Nd7 33. Rd2 Nb8 34. a4 bxa4 35. Bxa4 c6 36. Rb2 b5
37. Bc2 Na6 38. Kd2 g5 39. fxg5 Rg8 40. h4 h6 41. g4 hxg5
42. h5 Rc8 43. Kc3 c5 44. bxc5 Rxc5+ 45. Kd4 Rc4+ 46. Ke3 Rc3+
47. Kd4 Rg3 48. Rxb5 Rxg4 49. Rb7+ Kd8 50. Rxf7 Rh4 51. Bd1 g4
52. Bxg4 Rxg4 53. h6 Rh4 54. h7 Nb8 55. Rf8+ Kc7 56. h8=Q Nc6+
57. Kc5 Rxh8 58. Rxh8 Nxe5 59. Rh7+ Nd7+ 60. Kd4 Kd6 61. Rh5
e5+ 62. Ke3 Ke6 63. Rh6+ Nf6 64. Kd3 Ke7 65. Rh8 Ke6 66. Ra8
Kf7 67. Ra6 Ke7 68. Ra4 Ke6 69. Rc4 Kf7 70. Rc5 Ke6 71. Ra5
Kd6 72. Ra6+ Ke7 73. Kc4 Kf7 74. Kc5 Nxe4+ 75. Kd5 Nf6+
76. Kxe5 Nd7+ 77. Kf5 Ke7 78. Rh6 Nc5 79. Ke5 Nd7+ 80. Kd5
Nf6+ 81. Ke5 Ng4+ 1/2-1/2

[Event "Singapore International Masters Open"]
[Site "?"]
[Date "2005.12.31"]
[EventDate "2005.??.??"]
[Round "3"]
[Result "1-0"]
[White "Darwin Laylo"]
[Black "Koneru Humpy"]
[WhiteElo "2361"]
[BlackElo "2540"]
[PlyCount "131"]

1. c4 e5 2. g3 Nf6 3. Bg2 d5 4. cxd5 Nxd5 5. Nf3 Nc6 6. O-O
Nb6 7. Nc3 Be7 8. a4 a5 9. Nb5 O-O 10. d3 Be6 11. b3 f6
12. Bb2 Bb4 13. Na3 Qd7 14. Nc4 Rfd8 15. Qc2 Qf7 16. Nfd2 Nd5
17. Nf3 Nde7 18. Rfd1 Nf5 19. Bc3 Bxc3 20. Qxc3 Nfd4 21. Qb2
Bd5 22. Ne1 Bxg2 23. Kxg2 Qd5+ 24. f3 Rab8 25. e3 Ne6 26. Qc3
Nb4 27. Rd2 Rd7 28. Nc2 Ng5 29. Rf1 Nxc2 30. Qxc2 Rbd8 31. Qc3
b6 32. d4 Qe6 33. dxe5 Rxd2+ 34. Nxd2 Qxe5 35. Qc4+ Kf8
36. Ne4 Ne6 37. Rf2 f5 38. Nd2 h6 39. Qc2 Nc5 40. Nc4 Qf6
41. Rd2 Rxd2+ 42. Nxd2 Qe5 43. Nc4 Qd5 44. Nd2 Kf7 45. Kf2 Qd3
46. Qxd3 Nxd3+ 47. Ke2 Nc5 48. Kd1 Ke6 49. Kc2 Kd5 50. h4 g5
51. hxg5 hxg5 52. Nb1 c6 53. Nc3+ Kd6 54. f4 g4 55. Kb2 Nd3+
56. Kc2 Nf2 57. Kd2 Kc5 58. Ke1 Nd3+ 59. Kd2 Nf2 60. Ke1 Nd3+
61. Kd2 Nb4 62. e4 fxe4 63. Nxe4+ Kd4 64. Nf2 b5 65. Nxg4 bxa4
66. bxa4 1-0

[Event "Doha"]
[Site "Doha"]
[Date "2006.12.10"]
[EventDate "2006.??.??"]
[Round "5"]
[Result "0-1"]
[White "Zhao Xue"]
[Black "Koneru Humpy"]
[WhiteElo "2467"]
[BlackElo "2545"]
[PlyCount "112"]

1. d4 d5 2. c4 dxc4 3. e3 Nf6 4. Bxc4 e6 5. Nf3 a6 6. O-O c5
7. Bb3 b5 8. a4 b4 9. Nbd2 Be7 10. e4 Bb7 11. e5 Nfd7 12. Nc4
O-O 13. Bc2 cxd4 14. Qxd4 Bd5 15. b3 Nc6 16. Qd3 g6 17. Bb2
Nc5 18. Qe2 Bxc4 19. bxc4 b3 20. Be4 Qc7 21. Bxc6 Qxc6 22. Nd4
Qe4 23. Rfe1 Qxe2 24. Rxe2 Rfc8 25. Ba3 Rab8 26. g3 Nxa4
27. Nxb3 Bxa3 28. Rxa3 Rxc4 29. Kg2 Rbb4 30. Na5 Rc3 31. Rxc3
Nxc3 32. Rc2 Nd5 33. Rc8+ Kg7 34. Ra8 Rb2 35. Rxa6 Ne3+
36. Kf3 Nd1 37. Rd6 Rxf2+ 38. Ke4 Nc3+ 39. Kd3 Nd5 40. Nb7
Rxh2 41. Rd7 Rf2 42. Nd6 g5 43. g4 Rf3+ 44. Ke2 Rf4 45. Rb7
Nc3+ 46. Kd3 Nd1 47. Ke2 Nf2 48. Nxf7 Rxf7 49. Rxf7+ Kxf7
50. Kxf2 Kg6 51. Kg2 h5 52. gxh5+ Kxh5 53. Kg3 g4 54. Kg2 Kg5
55. Kf2 Kf4 56. Kg2 Kxe5 0-1

[Event "2nd MAIG-Team Standard chess"]
[Site "Macau"]
[Date "2007.10.28"]
[EventDate "2007.10.28"]
[Round "2.2"]
[Result "1-0"]
[White "Koneru Humpy"]
[Black "Catherine Perena"]
[WhiteElo "2606"]
[BlackElo "2247"]
[PlyCount "94"]

1. d4 d5 2. c4 c6 3. Nf3 Nf6 4. e3 e6 5. Bd3 Nbd7 6. Nc3 Bd6
7. O-O O-O 8. e4 dxe4 9. Nxe4 Nxe4 10. Bxe4 h6 11. Bc2 c5
12. b3 cxd4 13. Qxd4 Qc7 14. Bb2 e5 15. Qd3 g6 16. Rad1 Be7
17. Qe3 Re8 18. Qxh6 Bf8 19. Qh4 Bg7 20. Rfe1 b5 21. Ng5 Nf8
22. Be4 Rb8 23. Bd5 Be6 24. Bxe6 Rxe6 25. Nxe6 Nxe6 26. Rc1
Nf4 27. Qg3 Rd8 28. Qe3 Rd3 29. Bxe5 Bxe5 30. Qxe5 Qxe5
31. Rxe5 bxc4 32. bxc4 Rd2 33. c5 Ne2+ 34. Rxe2 Rxe2 35. c6
Re8 36. c7 Rc8 37. f4 Kf8 38. Kf2 Ke7 39. g4 Kd7 40. h4 Ke6
41. Kf3 Ke7 42. Rc2 a5 43. a4 f5 44. gxf5 gxf5 45. h5 Kf7
46. Ke3 Ke6 47. Kd4 Kf6 1-0

[Event "2nd MAIG-Team Standard chess"]
[Site "Macau"]
[Date "2007.10.29"]
[EventDate "2007.10.28"]
[Round "3.2"]
[Result "0-1"]
[White "Irine Kharisma Sukandar"]
[Black "Koneru Humpy"]
[WhiteElo "2275"]
[BlackElo "2606"]
[PlyCount "48"]

1. e4 g6 2. d4 Bg7 3. Nf3 d6 4. h3 Nd7 5. c3 c6 6. Bd3 Ngf6
7. O-O O-O 8. Re1 e5 9. dxe5 dxe5 10. Qe2 Nh5 11. Na3 Nc5
12. Bc2 b5 13. Bg5 f6 14. Be3 Qe7 15. b4 Ne6 16. Bb3 Kh8
17. Nc2 Nhf4 18. Qf1 f5 19. exf5 gxf5 20. a4 Bb7 21. g3 c5
22. Bxe6 Nxe6 23. Qe2 f4 24. gxf4 Nxf4 0-1

[Event "2nd MAIG-Team Standard chess"]
[Site "Macau"]
[Date "2007.10.30"]
[EventDate "2007.10.28"]
[Round "6.2"]
[Result "1/2-1/2"]
[White "Thi Thanh An Nguyen"]
[Black "Koneru Humpy"]
[WhiteElo "2324"]
[BlackElo "2606"]
[PlyCount "70"]

1. d4 e6 2. c4 c5 3. d5 exd5 4. cxd5 d6 5. Nc3 g6 6. Nf3 Bg7
7. Bf4 Nf6 8. e3 O-O 9. Be2 Na6 10. Nd2 Ne8 11. Nc4 g5 12. Bg3
f5 13. f4 Nac7 14. a4 h6 15. fxg5 hxg5 16. O-O Rf6 17. Rc1 Bd7
18. Bd3 Bf8 19. h4 Bh6 20. Rc2 Qe7 21. Rcf2 Qf7 22. Be5 dxe5
23. Nxe5 Qe7 24. Nxd7 Qxd7 25. Bxf5 Qg7 26. Ne4 gxh4 27. Nxf6+
Nxf6 28. Qf3 Nfxd5 29. Be6+ Kh8 30. Bxd5 Nxd5 31. Qxd5 Bxe3
32. Qh5+ Kg8 33. Qd5+ Kh8 34. Qh5+ Kg8 35. Qd5+ Kh8 1/2-1/2

[Event "FIDE Women's Grand Prix"]
[Site "Instanbul TUR"]
[Date "2009.03.12"]
[EventDate "2009.03.07"]
[Round "5"]
[Result "0-1"]
[White "Martha Lorena Fierro Baquero"]
[Black "Koneru Humpy"]
[WhiteElo "2403"]
[BlackElo "2621"]
[PlyCount "114"]

1. e4 e5 2. Nf3 Nc6 3. Bb5 a6 4. Ba4 Nf6 5. O-O Be7 6. d3 b5
7. Bb3 d6 8. c3 O-O 9. Re1 Na5 10. Bc2 c5 11. Nbd2 Nd7 12. Nf1
Nb6 13. Ng3 Nc6 14. h3 Be6 15. d4 exd4 16. cxd4 cxd4 17. Ne2
Nb4 18. Bb1 d3 19. Nf4 Bf6 20. Nxe6 fxe6 21. a3 Nc2 22. Bxc2
dxc2 23. Qxc2 Rc8 24. Qe2 Nc4 25. Rb1 Qa5 26. Rd1 Rfe8 27. Bg5
Qd8 28. Bxf6 Qxf6 29. Rd4 d5 30. exd5 exd5 31. Qd3 h6 32. h4
Rc6 33. h5 Rce6 34. Rg4 Ne5 35. Nxe5 Rxe5 36. Qg6 Rc8 37. Qd3
Ree8 38. Rd4 Rc6 39. Rg4 Rce6 40. Qg6 Re1+ 41. Rxe1 Rxe1+
42. Kh2 Qxb2 43. Qxh6 Qa1 44. Qg6 Rh1+ 45. Kg3 Qe5+ 46. Rf4
Rxh5 47. Kf3 Rh6 48. Qc2 Qh5+ 49. g4 Qh1+ 50. Ke3 Re6+ 51. Kd4
Qe1 52. Kd3 Re8 53. Qd2 Qb1+ 54. Qc2 Qf1+ 55. Kd4 Qa1+ 56. Qc3
Qd1+ 57. Qd3 Qa4+ 0-1

[Event "Snezenky a Machri"]
[Site "Marianske Lazne"]
[Date "2009.11.29"]
[EventDate "2009.??.??"]
[Round "2.4"]
[Result "1-0"]
[White "Koneru Humpy"]
[Black "Vlastimil Hort"]
[WhiteElo "2603"]
[BlackElo "2494"]
[PlyCount "165"]

1. d4 d5 2. c4 c6 3. Nf3 Nf6 4. e3 Qb6 5. Nc3 Bg4 6. h3 Bxf3
7. Qxf3 e6 8. Bd3 Nbd7 9. O-O Be7 10. b3 O-O 11. Bb2 Rfe8
12. Qe2 a6 13. Rad1 Qc7 14. Qc2 Rac8 15. e4 dxe4 16. Nxe4 Nxe4
17. Bxe4 g6 18. Rfe1 Bf6 19. Bc1 Rcd8 20. Be3 Nb6 21. Qe2 Nc8
22. Bb1 Rd7 23. Rd2 Qd8 24. Red1 Bg5 25. Qg4 Bxe3 26. fxe3 Qe7
27. c5 Red8 28. Bd3 a5 29. Rf2 Kh8 30. Bc4 f5 31. Qe2 e5
32. Qb2 b5 33. cxb6 Nxb6 34. Rfd2 Nxc4 35. bxc4 Qb4 36. Qc2
Kg7 37. Rb1 Qe7 38. Qc3 exd4 39. exd4 Kh6 40. Kh1 f4 41. Rd3
Qh4 42. Rf1 f3 43. Rdxf3 Qxd4 44. Qxa5 Qxc4 45. Rf4 Rd4
46. Qe5 Qd5 47. Qf6 Rxf4 48. Rxf4 Qd1+ 49. Rf1 Qd6 50. Qh4+
Kg7 51. a4 c5 52. a5 Rd7 53. Qf2 h5 54. Rc1 Qd4 55. Qc2 Rf7
56. a6 Kh7 57. Qb3 c4 58. Qxc4 Qxc4 59. Rxc4 Rf1+ 60. Kh2 Ra1
61. Rc7+ Kh6 62. a7 h4 63. g4 Ra2+ 64. Kg1 g5 65. Kf1 Kg6
66. Ke1 Kf6 67. Kd1 Ke5 68. Rf7 Ke6 69. Rg7 Kf6 70. Rc7 Ke5
71. Kc1 Kf4 72. Kb1 Ra6 73. Kb2 Kg3 74. Rc3+ Kg2 75. Ra3 Rxa7
76. Rxa7 Kxh3 77. Kc3 Kxg4 78. Kd2 Kh3 79. Ke2 g4 80. Kf1 Kh2
81. Ra2+ Kh1 82. Ra4 h3 83. Kf2 1-0

[Event "Snezenky a Machri"]
[Site "Marianske Lazne"]
[Date "2009.12.01"]
[EventDate "2009.??.??"]
[Round "4.3"]
[Result "1-0"]
[White "Koneru Humpy"]
[Black "Viktor Korchnoi"]
[WhiteElo "2603"]
[BlackElo "2567"]
[PlyCount "79"]

1. d4 Nf6 2. c4 e6 3. Nc3 Bb4 4. Qc2 d6 5. Nf3 c5 6. e3 Nc6
7. Bd2 O-O 8. a3 Bxc3 9. Bxc3 cxd4 10. exd4 d5 11. c5 a5
12. Bd3 a4 13. O-O h6 14. Ne5 Nxe5 15. dxe5 Nd7 16. Bd4 Nb8
17. f4 Nc6 18. Bf2 Bd7 19. Qe2 Qe7 20. Bc2 f5 21. exf6 Qxf6
22. Rad1 Be8 23. f5 Qxb2 24. fxe6 Bg6 25. e7 Nxe7 26. Qe6+ Kh7
27. Bxg6+ Nxg6 28. Rb1 Qd2 29. Rbd1 Qc2 30. Rc1 Qd3 31. Rfd1
Qxa3 32. Qxd5 Rae8 33. Ra1 Qb2 34. Bd4 Qe2 35. Qxb7 Re7
36. Qb2 Qxb2 37. Bxb2 Re2 38. Bd4 Nh4 39. Rxa4 Rxg2+ 40. Kh1
1-0

[Event "6th FIDE Women Grand Prix"]
[Site "Doha QAT"]
[Date "2011.02.24"]
[EventDate "2011.02.22"]
[Round "3"]
[Result "1/2-1/2"]
[White "Pia Cramling"]
[Black "Koneru Humpy"]
[WhiteElo "2516"]
[BlackElo "2607"]
[PlyCount "123"]

1. d4 e6 2. c4 b6 3. a3 Bb7 4. Nc3 f5 5. d5 Nf6 6. g3 Na6
7. Bg2 Nc5 8. Nh3 Bd6 9. Nf4 O-O 10. O-O e5 11. Nd3 Nxd3
12. exd3 c6 13. d4 Qc7 14. dxe5 Bxe5 15. Bd2 f4 16. Qe2 fxg3
17. hxg3 cxd5 18. Nb5 Qb8 19. cxd5 a6 20. Nc3 d6 21. Be3 b5
22. Rad1 Bxc3 23. bxc3 Qc7 24. Bd4 Rae8 25. Qd3 Qf7 26. Bxf6
Qxf6 27. c4 bxc4 28. Qxc4 Re5 29. Rd3 Qf7 30. Qd4 Rf5 31. Rd2
Bc8 32. Qb6 Rf6 33. Rc2 Qh5 34. Rc4 Bg4 35. Rf4 Rxf4 36. gxf4
Qg6 37. Qe3 h5 38. Rc1 h4 39. Kh2 Re8 40. Qd4 Bf5 41. Rg1 Qh6
42. Qd2 Qh5 43. Re1 Rf8 44. Re7 Rf6 45. Qe3 Qg4 46. Qf3 Qxf3
47. Bxf3 Bh7 48. Bg4 Rxf4 49. Kh3 Bf5 50. Bxf5 Rxf5 51. Kxh4
Rxd5 52. Rd7 Kh7 53. f4 Kg6 54. Kg4 Kf6 55. Kf3 Rd3+ 56. Ke4
Rxa3 57. Rxd6+ Ke7 58. Rb6 Kf7 59. f5 Ra1 60. Rb7+ Kg8 61. Ra7
a5 62. Kf4 1/2-1/2

[Event "28th European Club Cup (Women)"]
[Site "Eilat ISR"]
[Date "2012.10.12"]
[EventDate "2012.10.10"]
[Round "2"]
[Result "1/2-1/2"]
[White "Kateryna Lahno"]
[Black "Koneru Humpy"]
[WhiteElo "2551"]
[BlackElo "2607"]
[PlyCount "96"]

1. e4 e5 2. Nf3 Nc6 3. d4 exd4 4. Nxd4 Bc5 5. Nxc6 bxc6 6. Bd3
Qh4 7. Qe2 Nf6 8. Be3 Bxe3 9. Qxe3 O-O 10. Nc3 Re8 11. O-O-O
Ng4 12. Qf4 d6 13. f3 Qh6 14. Qxh6 Nxh6 15. g4 f6 16. Bc4+ Nf7
17. Bb3 Kf8 18. h3 Ng5 19. Rdf1 Ne6 20. Bc4 Rb8 21. a3 Nf4
22. Ne2 Nxe2+ 23. Bxe2 c5 24. Bc4 Be6 25. Bxe6 Rxe6 26. b3 Re5
27. Re1 c4 28. bxc4 Rc5 29. Kd2 Rxc4 30. Rb1 Rb6 31. Rb3 Ke7
32. Rc3 Rd4+ 33. Ke3 c5 34. h4 Ra4 35. Rd1 g6 36. Rdd3 f5
37. gxf5 gxf5 38. Rd5 fxe4 39. fxe4 Rba6 40. Rh5 Rxa3
41. Rxh7+ Kf6 42. Rd3 Rxd3+ 43. cxd3 Ra1 44. h5 a5 45. h6 Rh1
46. Ra7 Rxh6 47. Rxa5 Rh2 48. Ra8 d5 1/2-1/2

[Event "28th European Club Cup (Women)"]
[Site "Eilat ISR"]
[Date "2012.10.15"]
[EventDate "2012.10.11"]
[Round "5"]
[Result "1-0"]
[White "Koneru Humpy"]
[Black "Elizaveta Bronnikova"]
[WhiteElo "2607"]
[BlackElo "2244"]
[PlyCount "97"]

1. d4 Nf6 2. c4 g6 3. Nc3 Bg7 4. g3 O-O 5. Bg2 c5 6. Nf3 cxd4
7. Nxd4 d6 8. O-O Nc6 9. Nc2 a6 10. b3 Bf5 11. e4 Bg4 12. Qd2
Qd7 13. Bb2 Rab8 14. a4 b6 15. Rfe1 Rfe8 16. Rab1 Bh3 17. Nd5
Bxg2 18. Kxg2 Nxd5 19. exd5 Bxb2 20. Rxb2 Nd8 21. Ne3 e5
22. dxe6 fxe6 23. Rbb1 Qc6+ 24. Kg1 Rf8 25. f4 Nb7 26. Qc3 Qf3
27. Rf1 Qh5 28. Qd4 Qc5 29. Qe4 Nd8 30. b4 Qc6 31. Qd4 h5
32. Rbd1 Nb7 33. Qd3 Kh7 34. Ng2 Rf6 35. Rfe1 Rc8 36. Qd4 Rcf8
37. Rb1 R8f7 38. Re3 b5 39. cxb5 axb5 40. Rc3 Qe8 41. a5 e5
42. Qd2 exf4 43. Nxf4 Nd8 44. Re1 Qd7 45. Rce3 Nc6 46. Ne6 Rf5
47. h4 Ne5 48. Rxe5 dxe5 49. Nf8+ 1-0

[Event "28th European Club Cup (Women)"]
[Site "Eilat ISR"]
[Date "2012.10.16"]
[EventDate "2012.10.11"]
[Round "6"]
[Result "0-1"]
[White "Nadejda Reprun"]
[Black "Koneru Humpy"]
[WhiteElo "2143"]
[BlackElo "2607"]
[PlyCount "57"]

1. e4 c5 2. Nf3 b6 3. Bc4 e6 4. Qe2 Bb7 5. O-O a6 6. a4 Be7
7. c3 Nc6 8. d4 d5 9. exd5 exd5 10. Bd3 Nf6 11. Ne5 O-O
12. Bf4 Re8 13. Nxc6 Bxc6 14. Be5 Nd7 15. Nd2 Bf8 16. Qh5 g6
17. Qh3 Nxe5 18. dxe5 Rxe5 19. f4 Re8 20. f5 Qg5 21. fxg6 hxg6
22. Qf3 Ra7 23. Qf6 Qe3+ 24. Rf2 Re6 25. Qf3 d4 26. Nc4 Qxf3
27. gxf3 Bg7 28. Rc1 Bxa4 29. Nxb6 0-1